| 000 | 01676nab a22002777a 4500 | ||
|---|---|---|---|
| 999 |
_c5506 _d5506 |
||
| 003 | OSt | ||
| 005 | 20251210092344.0 | ||
| 008 | 190502c xxu||||| |||| 00| 0 spa d | ||
| 040 | _cPJ | ||
| 100 |
_96480 _aContreras Alderete, Lucas |
||
| 245 | 1 | 3 |
_aLa violencia contra la mujer y los delitos contra la libertad sexual / _cLucas Contreras Alderete. |
| 260 |
_aCiudad Autónoma de Buenos Aires : _bThomson Reuters La Ley, _c2025. |
||
| 300 | _ap. 9-41 | ||
| 500 | _aCita Online: AR/DOC/2443/2025. | ||
| 505 | _aSumario: I. Análisis sociológico. La cultura de la violación.— II. El bien jurídico protegido: la libertad sexual.— III. El delito de abuso sexual: abuso sexual simple, abuso sexual gravemente ultrajante y abuso sexual con acceso carnal. — IV. Modernas figuras delictivas: stealthing o retiro sigiloso del medio profiláctico, revenge porn o porno venganza y sextortion o extorsión sexual.— V. Problemas procesales en torno a los delitos contra la libertad sexual: Prescripción. Validez de las capturas de pantalla como medio de prueba. Especial referencia a las conversaciones de WhatsApp. | ||
| 505 | _t¿Te interesa el texto completo? Solicitalo al correo: koha@justierradelfuego.gov.ar | ||
| 650 | 0 |
_9343 _aDERECHO PENAL |
|
| 650 | 0 |
_93053 _aVIOLENCIA DE GÉNERO |
|
| 650 | 0 |
_aDELITOS CONTRA LA INTEGRIDAD SEXUAL _92902 |
|
| 650 | 0 |
_aABUSO SEXUAL CALIFICADO POR ACCESO CARNAL _94467 |
|
| 650 | 0 |
_aPORNOGRAFÍA _92911 |
|
| 650 | 0 |
_aPRESCRIPCIÓN _93092 |
|
| 650 | 0 |
_aDELITOS _93136 |
|
| 773 | 0 |
_02729 _93180 _dBuenos Aires : LexisNexis, 2006- _tRevista de derecho penal y procesal penal. Nº 11 - Noviembre 2025 _z9875920622 |
|
| 942 |
_2udc _cANA |
||